| 000 | 00642nam a22002057a 4500 | ||
|---|---|---|---|
| 005 | 20251108165946.0 | ||
| 008 | 250721s2000 xx 000 0 ara d | ||
| 082 | 1 | 4 | _a353.956504/حجل |
| 100 | 1 | _aأبو حجلة، أمين | |
| 245 | 1 | 0 | _aمجالس الوزارات الأردنية 1921-2000 / |
| 264 | 1 |
_aعمان : _bالمؤلف، _c2000. |
|
| 300 | _aج | ||
| 490 | 0 | _aمسيرة الأردن الدستورية | |
| 650 | 1 | 7 | _aتاريخ الأردن |
| 650 | 1 | 7 | _aالهئيات التشريعة |
| 650 | 1 | 7 | _aالسلطة التنفيذية |
| 650 | 1 | 7 | _aرؤساء الوزارات |
| 942 |
_2ddc _cBK |
||
| 999 |
_c35889 _d35889 |
||